| 000 | 00634nam a22002057a 4500 | ||
|---|---|---|---|
| 003 | OSt | ||
| 005 | 20201214091830.0 | ||
| 008 | 201214b 2009 dr 00| 0 eng d | ||
| 020 | _a9789993424345 | ||
| 040 |
_aDO-SdBNP _bspa _cBNPHU |
||
| 100 | 1 |
_aIannini, Martha. _977584 |
|
| 245 | 1 | 0 |
_aCírculo de lectura para compartir entre lectoras, lectores y libros / _cMartha Iannini. |
| 260 |
_aSanto Domingo : _bCaribe Centro Cultural Poveda, _c2009. |
||
| 300 |
_a52 p. ; _c23 cm. |
||
| 490 | 1 |
_aEstrategias _v2 |
|
| 500 | _a25 años (1985-2010) | ||
| 590 | _aInventariado, 2020 /LP | ||
| 830 | 0 |
_aEstrategias ; 2 _977585 |
|
| 942 |
_2ddc _cLBS1 |
||
| 999 |
_c49277 _d49277 |
||